000 00481nam a2200181Ia 4500
003 GCL
008 140319s9999 xx 000 0 eng d
040 _aGCL /
_cGCL
082 0 4 _aCC
_b932
_bF E
100 1 _aFARID, SHAFIK
245 1 0 _aEXCAVATIONS AT BALLANA 1958-1959 /
_cFARID, SHAFIK
260 _a[S.N] :
_bANTIQUITIES DEPARTMENT OF EGYPT ،
_c1963
300 _a147 P P
650 0 4 _aANCIENT EGYPT
650 0 4 _aARCHAEOLOGY
650 0 4 _aEXCAVACTIONS
942 _2ddc
_cBK
999 _c16915
_d16915